What Was That - Lorde lyrics - Statistics

General Stats
  • This quiz has been taken 87 times
  • The average score is 255 of 344
Answer Stats
Answer % Correct
I
98%
(I
98%
that?
98%
that
98%
That
98%
the
98%
was
98%
what
98%
What
98%
A
96%
a
96%
baby,
96%
Baby,
96%
we
96%
We
96%
in
93%
l
91%
my
89%
you
89%
You
89%
well,
87%
Well,
87%
back
85%
be
85%
up
85%
for
83%
garden,
83%
MDMA
83%
me
83%
our
83%
When
83%
(When
83%
and
80%
And
80%
hours
80%
like
80%
Now,
80%
place
80%
seventeen,
80%
city
78%
everything
78%
gave
78%
kissed
78%
"This
78%
this
78%
blow
76%
cigarette
76%
dream,
76%
is
76%
of
76%
pupils
76%
then,
76%
then
76%
best
74%
from
74%
It
74%
it
74%
just
74%
life"
74%
sayin'
74%
want
74%
straight,
72%
to
72%
(To
72%
wake
72%
remember
70%
do
67%
Do
67%
out
67%
Since
67%
wear
67%
can
65%
can't
65%
know
65%
yet
65%
all
63%
All
63%
bed
63%
Make
63%
make
63%
myself
63%
see
63%
I'm
61%
cover
59%
but
57%
chair
57%
didn't
57%
eat
57%
go
57%
mirrors
57%
never
57%
Oh,
57%
oh
57%
over
57%
won't
57%
meal
54%
not
54%
things
54%
veil
54%
wedding
54%
you're
54%
comes
52%
face
52%
knocks
52%
let
52%
let)
52%
used
52%
we're
52%
alone
50%
friends?
50%
missin'
50%
smoke
50%
with
50%
at
48%
happenin'
48%
light,
48%
pass
48%
Pass
48%
street,
48%
Yeah,
48%
haze,
46%
might
46%
tried
46%
tried)
46%
you'd
46%
blue
43%
enough,
43%
into
43%
reality
43%
still
43%
through
43%
through,
43%
had
41%
Indio
41%
stare
41%
Whatever
41%
affairs
39%
current
39%
heat
39%
talk
39%
alright)
37%
feelin'
37%
has
37%
painted
37%
Step
37%
faces
35%
sandstorm
33%
'Cause
30%
Right
30%
down
28%
weren't
28%
sea
26%
while,
22%
Baby's
15%
stayin'
15%
No matching quizzes found
Score Distribution
Percent of People with Each Score
Percentile by Number Answered
Your Score History
You have not taken this quiz